| 000 | 01601cas a2200433 i 4500 | ||
|---|---|---|---|
| 999 |
_c200442531 _d60743 |
||
| 003 | TR-AnTOB | ||
| 005 | 20211103161252.0 | ||
| 007 | ta | ||
| 008 | 080819c20099999tnuqr p 0 a0eng c | ||
| 010 | _a2008212828 | ||
| 022 | 0 | _a1945-7782 | |
| 035 | _a(OCoLC)244112197 | ||
| 037 | _bAmerican Economic Association, 2014 Broadway, Ste. 305, Nashville, TN 37203 | ||
| 040 |
_aNSD _cNSD _dNSD _dUMC _dNLGGC _dVP@ _dMUQ _dDLC _dBGZ _dTR-AnTOB _beng _erda |
||
| 041 | 0 | _aeng | |
| 042 |
_alcd _ansdp |
||
| 050 | 1 | 4 |
_aHB1 _b.A62 |
| 099 | _aJOURNAL APP ECO | ||
| 222 | 0 | _aAmerican economic journal. Applied economics | |
| 245 | 0 | 0 |
_aAmerican economic journal: _pApplied economics. |
| 246 | 3 | 0 | _aApplied economics |
| 246 | 1 | 3 | _aAEJ applied |
| 264 | 1 |
_aNashville, TN : _bAmerican Economic Association, _c2009- |
|
| 300 |
_avolumes ; _c26 cm |
||
| 310 | _aQuarterly | ||
| 336 |
_2rdacontent _atext _btxt |
||
| 337 |
_2rdamedia _aunmediated _bn |
||
| 338 |
_2rdacarrier _avolume _bnc |
||
| 362 | 1 | _aBegan with vol. 1, no. 1 (Jan. 2009). | |
| 650 | 0 |
_aEconomics _vPeriodicals. |
|
| 650 | 0 |
_aMicroeconomics _vPeriodicals. |
|
| 650 | 0 |
_aEconometrics _vPeriodicals. |
|
| 710 | 2 | _aAmerican Economic Association. | |
| 776 | 0 | 8 |
_iAlso issued online: _tAmerican economic journal. Applied economics (Online) _x1945-7790 _w(DLC) 2008212823 _w(OCoLC)244121930 |
| 776 | 0 | 8 |
_iAlso issued on CD-ROM: _tAmerican economic journal. Applied economics (CD-ROM) _x1944-9828 _w(DLC) 2008212827 _w(OCoLC)244121446 |
| 856 | 4 | 1 | _uhttp://www.aeaweb.org/aej/app/index.php |
| 942 |
_2lcc _cCR _s1 |
||